| 000 | 00601cam a2200229u 4500 | ||
|---|---|---|---|
| 001 | 36549 | ||
| 003 | BD-RjUL | ||
| 005 | 20211209052513.0 | ||
| 008 | 140626s1950 dcu 000 0 eng | ||
| 035 | _a(BD-RjUL)36650 | ||
| 040 |
_aDLC _cCarP _dDLC _beng |
||
| 041 | _aeng | ||
| 082 |
_a519.5 _bAMA 1950 |
||
| 110 | 2 |
_aAmerican Statistical Association. [from old catalog] _9111291 |
|
| 245 | 1 | 0 | _aAcceptance sampling / |
| 260 |
_aWashington, _c1950. |
||
| 300 |
_a155 p. ; _c24cm. |
||
| 650 | 0 |
_aSampling (Statistics) _9111290 |
|
| 942 |
_2ddc _cBK |
||
| 999 |
_c36549 _d36549 |
||